000 00530nam a2200217Ia 4500
003 OSt
005 20220923230852.0
006 a|||||r|||| 00| 0
007 ta
008 Pun
024 _a306,181
037 _cTextual
040 _aARTS
_cARTS
_bPun
041 _2Pun
_aPun
082 _aO44,3x, 153M3
100 _aਅਸਲ, ਅਮਰੀਕ
245 0 _aਝੀਲਾਂ ਤੇ ਦਰਿਆ
260 _c1983
942 _hO44,3x, 153M3
_cTEXL
_2CC
999 _c387968
_d387968